Vista normal
Vista MARC
Entrada Personal Name
Número de registros utilizados en: 1
001 - CONTROL NUMBER
- control field: 63
003 - CONTROL NUMBER IDENTIFIER
- control field: DO-SdBNP
005 - DATE AND TIME OF LATEST TRANSACTION
- control field: 20161208093246.0
008 - FIXED-LENGTH DATA ELEMENTS
- fixed length control field: 161208|| aca||aabn | a|a d
040 ## - CATALOGING SOURCE
- Original cataloging agency: DO-SdBNP
100 1# - HEADING--PERSONAL NAME
- Personal name: Mira, Montserrat,
- Dates associated with a name: 1928-
670 ## - SOURCE DATA FOUND
- Source citation: Corazón andariego, 2009.
- Information found: tomado de la portada
670 ## - SOURCE DATA FOUND
- Source citation: Montserrat Mira, . Curriculum vitae.
- Uniform Resource Identifier: http://www.montserratmira.com/montse_cv.htm